| 000 | 00401nam a2200169Ia 4500 | ||
|---|---|---|---|
| 008 | 230524s9999 xx 000 0 und d | ||
| 020 | _a9788131715475 | ||
| 082 |
_a658.45 _bKOT |
||
| 100 | _aPhilip Kotler; | ||
| 245 | 0 | _aPrinciples of Marketing | |
| 250 | _a8TH | ||
| 260 |
_aNEW DELHI _bPHI _c1999 |
||
| 300 | _aXVI;688 | ||
| 500 | _aQuantity Number: 45 | ||
| 650 | _aManagement | ||
| 942 | _cBK | ||
| 999 |
_c21199 _d21199 |
||